Khẳng định bản thân & thu phục lòng người
שמור ב:
| מחבר ראשי: | |
|---|---|
| פורמט: | ספר |
| שפה: | Undetermined |
| יצא לאור: |
Thành phố Hồ Chí Minh
Thanh Niên
2007
|
| נושאים: | |
| תגים: |
הוספת תג
אין תגיות, היה/י הראשונ/ה לתייג את הרשומה!
|
| Thư viện lưu trữ: | Trung tâm Học liệu Trường Đại học Cần Thơ |
|---|
| LEADER | 00586nam a2200193Ia 4500 | ||
|---|---|---|---|
| 001 | CTU_128465 | ||
| 008 | 210402s9999 xx 000 0 und d | ||
| 020 | |c 20000 | ||
| 082 | |a 158.2 | ||
| 082 | |b Th527 | ||
| 100 | |a Hà, Thuyên | ||
| 245 | 0 | |a Khẳng định bản thân & thu phục lòng người | |
| 245 | 0 | |c Hà Thuyên | |
| 260 | |a Thành phố Hồ Chí Minh | ||
| 260 | |b Thanh Niên | ||
| 260 | |c 2007 | ||
| 650 | |a Self-confidence.,Interpersonal communication.,Life skills | ||
| 904 | |i Minh | ||
| 980 | |a Trung tâm Học liệu Trường Đại học Cần Thơ | ||